Visualizzazione normale
Vista MARC
- Emerson Keith
di Personal Name
Records bibliografici associati: 7
001 - CONTROL NUMBER
- control field: 998
003 - CONTROL NUMBER IDENTIFIER
- control field: IT-RoPau
005 - DATE AND TIME OF LATEST TRANSACTION
- control field: 20131105221331.0
008 - FIXED-LENGTH DATA ELEMENTS
- fixed length control field: 131105|| aca||aabn | a|a d
040 ## - CATALOGING SOURCE
- Original cataloging agency: IT-RoPau
- Transcribing agency: IT-RoPau
100 ## - HEADING--PERSONAL NAME
- Personal name: Emerson Keith
670 ## - SOURCE DATA FOUND
- Source citation: Work cat.: (IT-RoPau)102527: Emerson Keith, Trilogy (Lp Mal 2007)